Rock Album Tracks - Statistics

General Stats
  • This quiz has been taken 16 times
    14 since last reset
  • The average score is 17 of 44
Answer Stats
Album Track % Correct
Back in Black
91%
Back in Black Hells Bells
73%
You Shook Me All Night Long
73%
Hysteria
64%
Shoot to Thrill
64%
Animal
55%
Have a Drink on Me
55%
Pour Some Sugar on Me
55%
Rock and Roll Ain't Noise Pollution
55%
Run to the Hills
55%
Shake a Leg
55%
Smoke on the Water
55%
Armageddon It
45%
Let Me Put My Love into You
45%
Love Bites
45%
The Number of the Beast
45%
Moving Pictures Tom Sawyer
45%
Lazy
36%
Limelight
36%
Rocket
36%
What Do You Do For Money Honey
36%
22 Acacia Avenue
27%
Don't Shoot Shotgun
27%
Excitable
27%
Given the Dog a Bone
27%
Gods of War
27%
Hallowed Be Thy Name
27%
Machine Head Highway Star
27%
Love and Affection
27%
Maybe I'm a Leo
27%
Never Before
27%
Run Riot
27%
Space Truckin
27%
Vital Signs
27%
Witch Hunt
27%
Hysteria Woman
27%
YYZ
27%
Gangland
18%
Number of the Beast Invaders
18%
Pictures of Home
18%
Red Barchetta
18%
The Camera Eye
18%
Children of the Damne
9%
The Prisoner
9%
No matching quizzes found
Score Distribution
Percent of People with Each Score
Percentile by Number Answered
Your Score History
You have not taken this quiz since the last reset